000
00375nam a2200181Ia 4500
005
20240823011317.0
008
240823s9999||||xx |||||||||||||| ||und||
041
_a
ENGLISH
082
_A
823
100
_a
"Schaefer,Jack"
245
0
_a
Shane
250
_a
1st
260
_b
"Corgi,L"
500
_a
YES
650
_a
General
_b
General
942
_c
BK
999
_c
161154
_d
161154